| 000 | 00613nam a2200217Ia 4500 | ||
|---|---|---|---|
| 008 | 160418s9999 xx 000 0 und d | ||
| 020 | _a971-08-6079-8 | ||
| 050 | _aFIL PL 5505 | ||
| 050 | _b.A77 2000 c.2 | ||
| 100 | _aArrogante, Jose A. | ||
| 245 | _aRetorika sa mabisang pagpapahayag / | ||
| 245 | _cJose A. Arrogante. | ||
| 260 | _aMandaluyong: | ||
| 260 | _bNational Book Store, | ||
| 260 | _c2000 | ||
| 300 | _a243 pages : | ||
| 300 | _billustrations ; | ||
| 300 | _c22 cm. | ||
| 500 | _aIncludes bibliographical references. | ||
| 650 | _aFilipino language -- Rhetoric -- Study and teaching. | ||
| 999 |
_c293399 _d293399 |
||